00861nam a2200337Ia 4500008004100000020001600041050000800057050001000065100002000075245002100095245001900116260001600135260001700151260000900168300001700177300002100194300001100215440002600226440000900252500002600261650002000287650005000307650001400357650001900371650002300390650002200413650002200435650002200457650002200479650002200501170203s9999 xx 000 0 und d a0-590251694 aFic bM379h aMartin, Ann M.  aHello, Mallory / cAnn M. Martin. aNew York :  bScholastic,  c1988 a139 pages :  billustrations ;  c20 cm. aThe Babysitters club. v#14. a"An Apple paperback." aBabysitters --  aBabysitters Club (Imaginary organization) --  aClubs --  aFriendship --  aRace relations --  xJuvenile fiction. xJuvenile fiction. xJuvenile fiction. xJuvenile fiction. xJuvenile fiction.